[Event "D-HS-MM D-HS-MM Poznanska (FH) 1-Mannheim (Uni) 1"]
[Site "Augsburg"]
[Date "2010.10.06"]
[Round "1.1"]
[White "Fruebing, Stefan"]
[Black "Chojnacki, Krzysztof"]
[Result "1-0"]
[WhiteElo "2329"]
[BlackElo "2248"]
[PlyCount "81"]
[EventDate "2010.10.06"]

1. e4 e5 2. Nf3 Nc6 3. Bb5 Nf6 4. d3 Bc5 5. O-O Nd4 6. Nxd4 Bxd4 7. c3 Bb6 8.
d4 O-O 9. dxe5 Nxe4 10. Bd3 d5 11. exd6 Nxd6 12. Bf4 Bf5 13. Bxd6 Bxd3 14. Qxd3
Qxd6 15. Qxd6 cxd6 16. Nd2 d5 17. Nf3 Rfe8 18. Rfe1 Re4 19. Rad1 Rd8 20. Kf1
Kf8 21. Re2 Rxe2 22. Kxe2 Ke7 23. Rd2 Kf6 24. Kd3 Re8 25. Re2 Re6 26. Ne1 Kf5
27. Nc2 Rxe2 28. Kxe2 Ke4 29. Nb4 a5 30. Nd3 a4 31. g4 Bxf2 32. Nxf2+ Kf4 33.
b3 axb3 34. axb3 g5 35. h3 h6 36. Nd1 f5 37. Ne3 fxg4 38. hxg4 Ke4 39. Nf5 h5
40. Nd6+ Ke5 41. gxh5 1-0

[Event "D-HS-MM Poznanska (FH) 1-Mannheim (Uni) 1"]
[Site "Augsburg"]
[Date "2010.10.06"]
[Round "1.2"]
[White "Lubczynski, Rafal"]
[Black "Knickel, Aaron"]
[Result "1-0"]
[WhiteElo "2419"]
[BlackElo "2135"]
[PlyCount "93"]
[EventDate "2010.10.06"]

1. Nf3 d6 2. d4 g6 3. g3 Bg7 4. Bg2 Nd7 5. O-O e5 6. c4 Ngf6 7. Nc3 O-O 8. e4
c6 9. h3 a5 10. Rb1 Re8 11. Be3 h6 12. b3 exd4 13. Nxd4 Nc5 14. Qc2 Ne6 15.
Rbd1 Nd7 16. Nde2 Bf8 17. Qd2 Kh7 18. f4 Nec5 19. g4 Qe7 20. Ng3 Bg7 21. Bd4
Bf8 22. Nce2 Nf6 23. Bxc5 dxc5 24. e5 Ng8 25. Nc3 f6 26. f5 gxf5 27. gxf5 fxe5
28. f6 Nxf6 29. Qc2+ Kh8 30. Nce4 Nxe4 31. Qxe4 Be6 32. Nh5 Bg7 33. Rd3 Qg5 34.
Qe2 e4 35. Rg3 Bd4+ 36. Kh1 Qe7 37. Rf4 e3 38. Rxe3 Bxe3 39. Qxe3 Bg8 40. Re4
Qf7 41. Qc3+ Kh7 42. Nf6+ Kg6 43. Rg4+ Kf5 44. Qf3+ Ke6 45. Re4+ Kd6 46. Qf4+
Re5 47. Qxe5# 1-0

[Event "D-HS-MM Poznanska (FH) 1-Mannheim (Uni) 1"]
[Site "Augsburg"]
[Date "2010.10.06"]
[Round "1.3"]
[White "Sohl, Jan"]
[Black "Panocki, Adrian"]
[Result "0-1"]
[WhiteElo "2133"]
[BlackElo "2354"]
[PlyCount "86"]
[EventDate "2010.10.06"]

1. e4 d6 2. d4 Nf6 3. Nc3 g6 4. h3 Bg7 5. Be3 O-O 6. Nf3 c6 7. a4 a5 8. Be2 Na6
9. O-O Nb4 10. Qd2 e5 11. Rad1 exd4 12. Nxd4 Re8 13. Bf3 d5 14. exd5 Nbxd5 15.
Nxd5 Nxd5 16. Nb3 Be6 17. Bd4 Nb4 18. Qc3 Bxd4 19. Rxd4 Qb6 20. Nc5 Na2 21. Qa3
Nb4 22. Qc3 Na2 23. Qa3 Nb4 24. Nxe6 Nxc2 25. Qc3 Rxe6 26. Rh4 Qd8 27. Rf4 Qc7
28. g3 Nb4 29. h4 h5 30. Rd1 Rd8 31. Rfd4 Red6 32. Qc5 Rxd4 33. Rxd4 Rxd4 34.
Qxd4 Kf8 35. Be4 Ke7 36. Kg2 b6 37. Kh2 c5 38. Qh8 Qd6 39. Kg2 Nc6 40. Qa8 Ne5
41. Bd5 Qd7 42. Kh2 Qxa4 43. Qb7+ Qd7 0-1

[Event "D-HS-MM Poznanska (FH) 1-Mannheim (Uni) 1"]
[Site "Augsburg"]
[Date "2010.10.06"]
[Round "1.4"]
[White "Maciejczak, Jakub"]
[Black "Hummel, Dennis"]
[Result "1-0"]
[WhiteElo "2327"]
[BlackElo "1932"]
[PlyCount "53"]
[EventDate "2010.10.06"]

1. e4 e6 2. d4 d5 3. Nc3 Bb4 4. e5 Ne7 5. a3 Bxc3+ 6. bxc3 c5 7. h4 Qa5 8. Bd2
Nbc6 9. h5 Bd7 10. h6 g6 11. Nf3 O-O-O 12. Be2 Rdf8 13. O-O f6 14. c4 Qc7 15.
cxd5 exd5 16. exf6 Rxf6 17. dxc5 Rf5 18. c3 Ne5 19. Nxe5 Qxe5 20. Be3 Rhf8 21.
Qd2 Nc6 22. Rad1 Rd8 23. Rfe1 Na5 24. Bg4 Rf7 25. Bg5 Nc4 26. Bxd7+ Rdxd7 27.
Rxe5 1-0

[Event "D-HS-MM Augsburg (Uni) 3-Dresden (TU) 1"]
[Site "Augsburg"]
[Date "2010.10.06"]
[Round "1.1"]
[White "Loxine, Iakov"]
[Black "Melzner, Lukas"]
[Result "1/2-1/2"]
[WhiteElo "2350"]
[BlackElo "2089"]
[PlyCount "62"]
[EventDate "2010.10.06"]

1. Nf3 e6 2. c4 Nf6 3. g3 d5 4. d4 Nbd7 5. Bg2 dxc4 6. O-O c6 7. a4 Be7 8. Nfd2
e5 9. Nxc4 exd4 10. Qxd4 Nb6 11. Qxd8+ Bxd8 12. Nd6+ Ke7 13. Nxc8+ Rxc8 14. a5
Nbd7 15. Be3 a6 16. Rd1 Bc7 17. Ra4 Rhd8 18. Nc3 Ne5 19. Rxd8 Rxd8 20. Rb4 Bxa5
21. Rxb7+ Rd7 22. Bc5+ Kd8 23. Bb6+ Bxb6 24. Rxb6 Rd2 25. Rxa6 Rxb2 26. f4 Neg4
27. Rxc6 Ne3 28. Bf3 Rc2 29. h3 Kd7 30. Rc5 Rc1+ 31. Kh2 Nf1+ 1/2-1/2

[Event "D-HS-MM Augsburg (Uni) 3-Dresden (TU) 1"]
[Site "Augsburg"]
[Date "2010.10.06"]
[Round "1.2"]
[White "Zikeli, Saskia"]
[Black "Zwahr, Paul"]
[Result "1/2-1/2"]
[WhiteElo "2020"]
[BlackElo "2273"]
[PlyCount "68"]
[EventDate "2010.10.06"]

1. c4 Nf6 2. Nc3 g6 3. g3 Bg7 4. Bg2 O-O 5. e3 e5 6. Nge2 Nc6 7. O-O Re8 8. d3
d6 9. Rb1 a5 10. a3 Be6 11. b4 axb4 12. axb4 d5 13. b5 Ne7 14. cxd5 Nexd5 15.
Nxd5 Bxd5 16. e4 Ba2 17. Rb4 Qd7 18. Qc2 Bf8 19. Rb2 Be6 20. Bg5 Be7 21. Rd1
Ng4 22. Bxe7 Qxe7 23. h3 Nf6 24. d4 exd4 25. Nxd4 Rad8 26. e5 Nd5 27. Nxe6 Qxe6
28. Qc5 b6 29. Qc1 Qxe5 30. Rbd2 Nc3 31. Qxc3 Qxc3 32. Rxd8 Rxd8 33. Rxd8+ Kg7
34. Bc6 h5 1/2-1/2

[Event "D-HS-MM Augsburg (Uni) 3-Dresden (TU) 1"]
[Site "Augsburg"]
[Date "2010.10.06"]
[Round "1.3"]
[White "Hoffmann, Paul"]
[Black "Yin, Stanley"]
[Result "1/2-1/2"]
[WhiteElo "2317"]
[BlackElo "1899"]
[PlyCount "80"]
[EventDate "2010.10.06"]

1. e4 c6 2. Nf3 g6 3. Nc3 Bg7 4. d4 d6 5. a4 Nf6 6. h3 O-O 7. Be3 Qb6 8. a5 Qc7
9. Bd3 e5 10. dxe5 dxe5 11. Qc1 Na6 12. O-O Be6 13. Ng5 Bc8 14. Bc4 h6 15. Nf3
Kh7 16. Bxa6 bxa6 17. Bc5 Rd8 18. Rd1 Be6 19. Qe3 Rxd1+ 20. Rxd1 Nd7 21. Bd6
Qxa5 22. Qd3 Bf8 23. Bxf8 Rxf8 24. Qd6 Rb8 25. Qxc6 Rxb2 26. Nd5 Qa2 27. Rd2
Qa3 28. Qc7 Rb1+ 29. Kh2 Qa1 30. Qd8 Rh1+ 31. Kg3 Qf1 32. Qh4 Kg7 33. Ne3 Qb5
34. Qe7 Nf6 35. Ng5 hxg5 36. Rd8 Nxe4+ 37. Kf3 Qc6 38. Qf8+ Kf6 39. Qh8+ Ke7
40. Qf8+ Kf6 1/2-1/2

[Event "D-HS-MM Augsburg (Uni) 3-Dresden (TU) 1"]
[Site "Augsburg"]
[Date "2010.10.06"]
[Round "1.4"]
[White "Sedelmayr, Werner"]
[Black "Boettger, Lukas"]
[Result "0-1"]
[WhiteElo "1660"]
[BlackElo "2093"]
[PlyCount "78"]
[EventDate "2010.10.06"]

1. e4 c5 2. Nf3 e6 3. d4 cxd4 4. Nxd4 Nc6 5. Nc3 Qc7 6. Be3 a6 7. Be2 Nf6 8.
O-O b5 9. a3 Bb7 10. f4 d6 11. Bf3 Rc8 12. Qd2 Na5 13. Qf2 Nc4 14. Bc1 Be7 15.
Re1 O-O 16. Be2 Qb8 17. Bxc4 Rxc4 18. Nf3 Nxe4 19. Nxe4 Rxe4 20. Be3 Rc4 21.
Rad1 Qa8 22. Bd4 Bd5 23. c3 f6 24. Qg3 Bxf3 25. gxf3 e5 26. Be3 Rf7 27. Rd2 Qc8
28. fxe5 fxe5 29. Rf1 Qf5 30. Rdf2 Bh4 31. Qg2 Bxf2+ 32. Rxf2 Qg6 33. Qxg6 hxg6
34. Kg2 Kf8 35. Rd2 Ke7 36. Ba7 Ke6 37. Bb8 Rc6 38. Kg3 Rb6 39. Rxd6+ Rxd6 0-1

[Event "D-HS-MM Augsburg (Uni) 1-Poznanska (FH) 2"]
[Site "Augsburg"]
[Date "2010.10.06"]
[Round "1.1"]
[White "Sikorska, Agata"]
[Black "Grimberg, Boris"]
[Result "0-1"]
[WhiteElo "2096"]
[BlackElo "2331"]
[PlyCount "124"]
[EventDate "2010.10.06"]

1. e4 c5 2. Nf3 d6 3. d4 cxd4 4. Nxd4 Nf6 5. Nc3 g6 6. Be3 Bg7 7. f3 a6 8. Qd2
Nbd7 9. Be2 b5 10. O-O Bb7 11. a4 bxa4 12. Nxa4 O-O 13. c4 Qc7 14. Rfc1 Rfd8
15. b4 Nc5 16. Qc2 Nxa4 17. Qxa4 Nd7 18. Qa5 Rdc8 19. Qxc7 Rxc7 20. Rab1 Rac8
21. Nb3 Nb8 22. Na5 Nc6 23. Nxb7 Rxb7 24. b5 Nd4 25. Bf1 a5 26. f4 a4 27. Rb4
Ra8 28. e5 dxe5 29. c5 a3 30. Bxd4 exd4 31. c6 Rb6 32. c7 Rc8 33. Ra4 e5 34. g3
e4 35. Rxa3 d3 36. Rb3 Rb7 37. Rc4 d2 38. Be2 Rbxc7 39. Rxe4 Rc1+ 40. Kg2 d1=Q
41. Bxd1 Rxd1 42. b6 Rd2+ 43. Kf3 f5 44. Ra4 Bd4 45. g4 Bxb6 46. gxf5 gxf5 47.
Ra6 Bd4 48. Ra5 Rc5 49. Ra8+ Kf7 50. Rb7+ Ke6 51. Ra6+ Kd5 52. Rd7+ Kc4 53.
Rxh7 Kb5 54. Ra3 Kb4 55. Rha7 Rcc2 56. R7a4+ Kc5 57. Ra5+ Kc4 58. R3a4+ Kd3 59.
Ra3+ Bc3 60. Rd5+ Kc4 61. Rxf5 Rd3+ 62. Kg4 Rg2+ 0-1

[Event "D-HS-MM Augsburg (Uni) 1-Poznanska (FH) 2"]
[Site "Augsburg"]
[Date "2010.10.06"]
[Round "1.2"]
[White "Billing, Christian"]
[Black "Kaczmarek, Piotr"]
[Result "1-0"]
[WhiteElo "2273"]
[BlackElo "1842"]
[PlyCount "55"]
[EventDate "2010.10.06"]

1. e4 c5 2. Nf3 Nc6 3. d3 e6 4. c3 Nf6 5. g3 d5 6. e5 Nd7 7. Qe2 Qb6 8. Bg2 g6
9. O-O Bg7 10. Bf4 O-O 11. Re1 a6 12. h4 h5 13. Bh3 Ncxe5 14. Nxe5 Nxe5 15.
Bxe5 Bxe5 16. Qxe5 Qxb2 17. g4 hxg4 18. Bxg4 f5 19. Bf3 Qxa1 20. Kh1 Kf7 21.
Qc7+ Kf6 22. h5 Qxa2 23. Rg1 g5 24. h6 Rf7 25. Qd8+ Ke5 26. Re1+ Kf4 27. Qd6+
Kxf3 28. Qg3# 1-0

[Event "D-HS-MM Augsburg (Uni) 1-Poznanska (FH) 2"]
[Site "Augsburg"]
[Date "2010.10.06"]
[Round "1.3"]
[White "Fengier, Jakub"]
[Black "Nuber, Korbinian"]
[Result "0-1"]
[WhiteElo "2002"]
[BlackElo "2192"]
[PlyCount "96"]
[EventDate "2010.10.06"]

1. e4 Nf6 2. e5 Nd5 3. d4 d6 4. Nf3 Bg4 5. Be2 e6 6. c4 Nb6 7. O-O N8d7 8. exd6
cxd6 9. h3 Bh5 10. Nc3 Be7 11. b3 O-O 12. Re1 Bg6 13. Bb2 a6 14. Bd3 Bxd3 15.
Qxd3 d5 16. c5 Nc8 17. Bc1 Na7 18. Bf4 Nc6 19. Re2 b6 20. cxb6 Qxb6 21. Na4 Qa7
22. Rc1 Rac8 23. Qe3 Nb4 24. Nc3 Qb7 25. Ne5 Nxe5 26. Bxe5 Nc6 27. Rcc2 Qa7 28.
Red2 Nxe5 29. Qxe5 Bb4 30. Rd3 Rc6 31. Rg3 f6 32. Qe3 Qc7 33. a3 Bxa3 34. Ra2
Bb4 35. Ne2 Qd7 36. f4 Rfc8 37. Qd3 a5 38. Rf3 Qc7 39. f5 e5 40. dxe5 Qxe5 41.
Kh1 Bd6 42. g3 Bb4 43. Re3 Qd6 44. Ra1 Qd7 45. Rd1 d4 46. Qxd4 Rd6 47. Qxd6
Bxd6 48. Red3 Qb7+ 0-1

[Event "D-HS-MM Augsburg (Uni) 1-Poznanska (FH) 2"]
[Site "Augsburg"]
[Date "2010.10.06"]
[Round "1.4"]
[White "Demel, Paul"]
[Black "Sobierska, Wioletta"]
[Result "1-0"]
[WhiteElo "2094"]
[BlackElo "1986"]
[PlyCount "65"]
[EventDate "2010.10.06"]

1. e4 e6 2. d4 d5 3. Nc3 Bb4 4. e5 c5 5. a3 Bxc3+ 6. bxc3 Qc7 7. Nf3 Bd7 8. Bd3
Ba4 9. O-O Nc6 10. Re1 Nge7 11. dxc5 Ng6 12. Nd4 Ncxe5 13. Nb5 Qxc5 14. Be3 Qe7
15. Bxa7 O-O 16. Bd4 Nxd3 17. Qxd3 Ra5 18. Rab1 Qd7 19. Nc7 Bc6 20. Rb3 Rc8 21.
Bb6 Ra4 22. Nb5 Nf4 23. Qf1 Bxb5 24. Rxb5 Rxc3 25. Reb1 Rxc2 26. Bc5 Ra8 27.
Rxb7 Qd8 28. Be7 Qe8 29. Qd1 Rac8 30. g3 Ng6 31. Bd6 h6 32. Rb8 Qd7 33. Qxc2
1-0

[Event "D-HS-MM Muenster (Uni) 1-Muenchen (LMU) 1"]
[Site "Augsburg"]
[Date "2010.10.06"]
[Round "1.1"]
[White "Koepke, Christian"]
[Black "Werner, Daniel"]
[Result "1-0"]
[WhiteElo "2351"]
[BlackElo "2091"]
[PlyCount "79"]
[EventDate "2010.10.06"]

1. e4 c5 2. Nf3 d6 3. d4 cxd4 4. Nxd4 Nf6 5. Nc3 a6 6. Be3 e5 7. Nb3 Be6 8. Qd2
Nbd7 9. O-O-O b5 10. f3 Qc7 11. Kb1 b4 12. Nd5 Bxd5 13. exd5 Nb6 14. Bxb6 Qxb6
15. c3 bxc3 16. Qxc3 Be7 17. Na5 O-O 18. Nc6 Rfe8 19. Bc4 Nd7 20. Rhe1 Bf6 21.
Qb4 Qxb4 22. Nxb4 Nc5 23. Nc6 e4 24. Kc2 exf3 25. gxf3 Kf8 26. b4 Na4 27. Rxe8+
Kxe8 28. Kb3 Nb6 29. a4 Nxc4 30. Kxc4 Kd7 31. Re1 Bh4 32. Re4 Bg5 33. a5 Bf6
34. b5 axb5+ 35. Kxb5 Kc7 36. a6 Bg5 37. Rc4 Kd7 38. Kb6 Be3+ 39. Kb7 Re8 40.
Nd4 1-0

[Event "D-HS-MM Muenster (Uni) 1-Muenchen (LMU) 1"]
[Site "Augsburg"]
[Date "2010.10.06"]
[Round "1.2"]
[White "Rehfeldt, Frank"]
[Black "Levushkina, Elena"]
[Result "1/2-1/2"]
[WhiteElo "2037"]
[BlackElo "2280"]
[PlyCount "77"]
[EventDate "2010.10.06"]

1. e4 c5 2. Nf3 g6 3. d4 Bg7 4. c4 cxd4 5. Nxd4 Nc6 6. Be3 Nf6 7. Nc3 O-O 8.
Be2 d6 9. O-O Bd7 10. Qd2 Ng4 11. Nxc6 bxc6 12. Bxg4 Bxg4 13. Bd4 f6 14. Rac1
Qa5 15. b3 Rad8 16. f3 Bc8 17. Rfd1 Rf7 18. Rc2 Bb7 19. Na4 Qxd2 20. Rcxd2 Ra8
21. Bb2 Bh6 22. Rc2 c5 23. Re2 Rff8 24. Bc1 Bg7 25. Bb2 Bc6 26. Nc3 Rfb8 27.
Nd5 Bxd5 28. exd5 Rb7 29. Bc3 a5 30. Rb1 f5 31. Bxg7 Kxg7 32. Reb2 Rab8 33. Kf2
Kf6 34. Ke3 Kg5 35. Kd3 h5 36. Re1 a4 37. Kc3 Kf4 38. Re6 g5 39. Rf2 1/2-1/2

[Event "D-HS-MM Muenster (Uni) 1-Muenchen (LMU) 1"]
[Site "Augsburg"]
[Date "2010.10.06"]
[Round "1.3"]
[White "Monninger, Moritz"]
[Black "Hokamp, Sascha"]
[Result "1-0"]
[WhiteElo "2036"]
[BlackElo "2017"]
[PlyCount "55"]
[EventDate "2010.10.06"]

1. d4 Nf6 2. Bg5 c6 3. Bxf6 exf6 4. g3 Qb6 5. b3 d5 6. e3 Bf5 7. Bd3 Be6 8. Ne2
g5 9. Nd2 Na6 10. a3 Bd6 11. c4 c5 12. b4 dxc4 13. bxc5 Nxc5 14. dxc5 Qc6 15.
Be4 Qxc5 16. O-O Rb8 17. Bxb7 Be5 18. Rb1 Qxa3 19. Nd4 Bxd4 20. exd4 O-O 21.
Qf3 Qxf3 22. Bxf3 Rbd8 23. d5 Bxd5 24. Bxd5 Rxd5 25. Nxc4 a5 26. Ra1 Rc5 27.
Nxa5 Rb8 28. Rfc1 1-0

[Event "D-HS-MM Muenster (Uni) 1-Muenchen (LMU) 1"]
[Site "Augsburg"]
[Date "2010.10.06"]
[Round "1.4"]
[White "Herud, Martin"]
[Black "Meier, Desiderius"]
[Result "1/2-1/2"]
[WhiteElo "1951"]
[BlackElo "1973"]
[PlyCount "57"]
[EventDate "2010.10.06"]

1. e4 Nf6 2. Nc3 d5 3. e5 d4 4. exf6 dxc3 5. fxe7 cxd2+ 6. Bxd2 Bxe7 7. Bc3 O-O
8. Nf3 Bf6 9. Qxd8 Bxc3+ 10. Qd2 Bxd2+ 11. Kxd2 Nc6 12. Bc4 Bf5 13. Rad1 Rfe8
14. Rhe1 Kf8 15. Kc3 Rxe1 16. Rxe1 Re8 17. Rxe8+ Kxe8 18. Bb5 Bd7 19. Nd4 Nxd4
20. Bxd7+ Kxd7 21. Kxd4 Kd6 22. b4 b5 23. c4 c6 24. f4 f5 25. h3 g6 26. g3 h6
27. h4 h5 28. Kc3 Kc7 29. Kd4 1/2-1/2

[Event "D-HS-MM Augsburg (Uni) 2-Dresden (TU) 2"]
[Site "Augsburg"]
[Date "2010.10.06"]
[Round "1.1"]
[White "Siedentopf, Daniel"]
[Black "Luhn, Robert"]
[Result "0-1"]
[WhiteElo "2261"]
[BlackElo "1871"]
[PlyCount "70"]
[EventDate "2010.10.06"]

1. d4 d5 2. c4 c6 3. Nf3 Nf6 4. Nbd2 e6 5. g3 Nbd7 6. Bg2 Be7 7. O-O O-O 8. Re1
Ne4 9. Nxe4 dxe4 10. Ne5 f5 11. Nxd7 Qxd7 12. f3 Rd8 13. Be3 exf3 14. exf3 Bf6
15. Qe2 Bxd4 16. Bxd4 Qxd4+ 17. Kh1 Bd7 18. Rad1 Qf6 19. Rd6 Be8 20. Red1 Rxd6
21. Rxd6 Bf7 22. Qd2 Re8 23. f4 g6 24. h3 h5 25. Kh2 h4 26. g4 Qg7 27. Qf2 e5
28. gxf5 gxf5 29. Qxh4 e4 30. b3 e3 31. Rd3 e2 32. Qe1 Qh6 33. Qg3+ Kh8 34. Re3
Rxe3 35. Qxe3 Qe6 0-1

[Event "D-HS-MM Augsburg (Uni) 2-Dresden (TU) 2"]
[Site "Augsburg"]
[Date "2010.10.06"]
[Round "1.2"]
[White "Giannino, Domenico"]
[Black "Rudolf, Sebastian"]
[Result "1/2-1/2"]
[WhiteElo "1943"]
[BlackElo "2241"]
[PlyCount "59"]
[EventDate "2010.10.06"]

1. e4 c5 2. Nf3 Nc6 3. d4 cxd4 4. Nxd4 Qc7 5. Be2 e6 6. O-O a6 7. Be3 Nf6 8.
Nc3 b5 9. f4 b4 10. e5 bxc3 11. exf6 gxf6 12. Nxc6 dxc6 13. bxc3 Bb7 14. Bf3
Bd6 15. Rb1 Rd8 16. Qe1 Rd7 17. Qh4 Be7 18. f5 e5 19. Qh6 e4 20. Bxe4 Qe5 21.
Rxb7 Qxe4 22. Rb8+ Rd8 23. Rxd8+ Kxd8 24. Bb6+ Kc8 25. Qg7 Rf8 26. Qg3 Qe5 27.
Qd3 Qb5 28. Qe3 Qe5 29. Qd3 Qb5 30. Qe3 1/2-1/2

[Event "D-HS-MM Augsburg (Uni) 2-Dresden (TU) 2"]
[Site "Augsburg"]
[Date "2010.10.06"]
[Round "1.3"]
[White "Zimmermann, Rene"]
[Black "Reuther, Georg"]
[Result "1/2-1/2"]
[WhiteElo "2079"]
[BlackElo "1782"]
[PlyCount "54"]
[EventDate "2010.10.06"]

1. d4 Nf6 2. c4 g6 3. Nc3 d5 4. cxd5 Nxd5 5. e4 Nxc3 6. bxc3 Bg7 7. Bc4 c5 8.
Ne2 Nc6 9. Be3 O-O 10. O-O Bg4 11. f3 Na5 12. Bd3 cxd4 13. cxd4 Be6 14. Qa4 a6
15. Rfc1 b5 16. Qd1 Nc4 17. Bxc4 Bxc4 18. Rc2 Rc8 19. Rac1 Qd7 20. Kf2 Rfd8 21.
Rd2 Qd6 22. g3 Rd7 23. Ng1 Rcd8 24. f4 Qe6 25. Kf3 h5 26. h3 Qd6 27. Kf2 Qe6
1/2-1/2

[Event "D-HS-MM Augsburg (Uni) 2-Dresden (TU) 2"]
[Site "Augsburg"]
[Date "2010.10.06"]
[Round "1.4"]
[White "Schaad, Simon Ulrich Maria"]
[Black "Kunze, Christopher"]
[Result "0-1"]
[WhiteElo "1549"]
[BlackElo "2003"]
[PlyCount "72"]
[EventDate "2010.10.06"]

1. d4 d5 2. e4 dxe4 3. Nc3 Nf6 4. f3 exf3 5. Nxf3 Bg4 6. h3 Bh5 7. g4 Bg6 8.
Ne5 Nbd7 9. Nxg6 hxg6 10. Qf3 c6 11. Bd3 Nb6 12. Be3 Qd7 13. Rf1 O-O-O 14.
O-O-O e6 15. Ne4 Nxe4 16. Bxe4 f5 17. Bd3 Nd5 18. Bg1 Bd6 19. Be3 Qe7 20. g5 e5
21. dxe5 Bxe5 22. Bxa7 Qxg5+ 23. Kb1 Qf6 24. c4 Nf4 25. Rh1 Nxd3 26. Rxd3 Rxd3
27. Qxd3 Rd8 28. Qe2 Bd4 29. Bxd4 Rxd4 30. Qe8+ Rd8 31. Qe3 f4 32. Qf3 Rd2 33.
Qb3 f3 34. Rd1 f2 35. Rf1 Qf4 36. h4 Qe4+ 0-1

[Event "D-HS-MM Muenster (Uni) 2-Leipzig (Uni) 1"]
[Site "Augsburg"]
[Date "2010.10.06"]
[Round "1.1"]
[White "Schoeneberg, Manfred"]
[Black "Webner, Dennis"]
[Result "1-0"]
[WhiteElo "2233"]
[BlackElo "1895"]
[PlyCount "47"]
[EventDate "2010.10.06"]

1. Nf3 d5 2. c4 e6 3. d4 Nf6 4. Nc3 c6 5. e3 Nbd7 6. Bd3 dxc4 7. Bxc4 b5 8. Be2
a6 9. O-O Be7 10. e4 Bb7 11. e5 Nd5 12. Nxd5 cxd5 13. a4 b4 14. a5 Bc6 15. Qb3
Qb8 16. Bg5 f6 17. exf6 gxf6 18. Bh4 Kf7 19. Rfe1 Rc8 20. Qe3 Nf8 21. Qh6 Bb5
22. Ne5+ Ke8 23. Bxf6 Nd7 24. Nf7 1-0

[Event "D-HS-MM Muenster (Uni) 2-Leipzig (Uni) 1"]
[Site "Augsburg"]
[Date "2010.10.06"]
[Round "1.2"]
[White "Wolffgang, Georg"]
[Black "Boehlig, Heinz"]
[Result "1/2-1/2"]
[WhiteElo "1793"]
[BlackElo "2174"]
[PlyCount "45"]
[EventDate "2010.10.06"]

1. f4 Nf6 2. Nf3 g6 3. g3 Bg7 4. Bg2 d5 5. O-O c5 6. d3 Nc6 7. c3 O-O 8. Na3 b6
9. Qa4 Bd7 10. Qc2 Rc8 11. e4 dxe4 12. dxe4 e5 13. f5 Qe7 14. Nh4 Be8 15. Bh3
Rd8 16. g4 Nxg4 17. Nxg6 fxg6 18. Bxg4 Qh4 19. Qg2 Bh6 20. Nc4 Bxc1 21. Raxc1
Kh8 22. Rf3 gxf5 23. Bxf5 1/2-1/2

[Event "D-HS-MM Muenster (Uni) 2-Leipzig (Uni) 1"]
[Site "Augsburg"]
[Date "2010.10.06"]
[Round "1.3"]
[White "Pruefer, Friedbert"]
[Black "Braun, Oskar"]
[Result "1-0"]
[WhiteElo "2080"]
[BlackElo "1717"]
[PlyCount "61"]
[EventDate "2010.10.06"]

1. d4 d5 2. c4 c6 3. Nf3 Nf6 4. Nc3 dxc4 5. e4 b5 6. e5 Nd5 7. a4 Nxc3 8. bxc3
e6 9. axb5 cxb5 10. Ng5 Be7 11. Nxf7 Kxf7 12. Qf3+ Ke8 13. Qxa8 Bd7 14. Qxa7
Bc6 15. Ba3 Nd7 16. Bxe7 Kxe7 17. Qa3+ Kf7 18. Qd6 Qb6 19. Be2 Qb7 20. Bg4 Re8
21. f3 Nb6 22. O-O Nd5 23. Ra3 Ne3 24. Rfa1 Nc2 25. Ra7 Nxa1 26. Rxb7+ Bxb7 27.
Qd7+ Re7 28. Bxe6+ Kf8 29. Qd8+ Re8 30. Qd6+ Re7 31. d5 1-0

[Event "D-HS-MM Muenster (Uni) 2-Leipzig (Uni) 1"]
[Site "Augsburg"]
[Date "2010.10.06"]
[Round "1.4"]
[White "Stumpe, Danny"]
[Black "Kalies, Grit"]
[Result "1/2-1/2"]
[WhiteElo "1461"]
[BlackElo "1935"]
[PlyCount "39"]
[EventDate "2010.10.06"]

1. e4 d6 2. Nf3 Nf6 3. Nc3 g6 4. d4 Bg7 5. Bc4 O-O 6. O-O Nbd7 7. e5 dxe5 8.
dxe5 Nh5 9. e6 fxe6 10. Bxe6+ Kh8 11. Ne4 Qe8 12. c3 Nf4 13. Nd4 Be5 14. Be3
Nf6 15. Ng5 N6d5 16. Qb3 c6 17. g3 Nxe6 18. Ndxe6 Rf5 19. Rad1 Bd7 20. c4
1/2-1/2

[Event "D-HS-MM Muenchen (LMU) 1-Poznanska (FH) 1"]
[Site "Augsburg"]
[Date "2010.10.07"]
[Round "2.1"]
[White "Chojnacki, Krzysztof"]
[Black "Koepke, Christian"]
[Result "1-0"]
[WhiteElo "2248"]
[BlackElo "2351"]
[PlyCount "69"]
[EventDate "2010.10.06"]

1. e4 c5 2. Nf3 d6 3. d4 cxd4 4. Nxd4 Nf6 5. Nc3 g6 6. Be3 Bg7 7. f3 O-O 8. Qd2
Nc6 9. Bc4 Bd7 10. h4 Rc8 11. Bb3 h5 12. O-O-O Ne5 13. Bg5 Rc5 14. Kb1 Re8 15.
Nde2 b5 16. Be3 Nc4 17. Bxc4 Rxc4 18. e5 dxe5 19. Bg5 Rc7 20. Bxf6 Bxf6 21. Nd5
Rb7 22. Nxf6+ exf6 23. Nc3 Qe7 24. g4 hxg4 25. Nd5 Qe6 26. Qh6 Bc6 27. h5 Rf8
28. hxg6 fxg6 29. Qh8+ Kf7 30. Qh7+ Ke8 31. Qxg6+ Qf7 32. Nxf6+ Ke7 33. Rh7
Bxf3 34. Rxf7+ Rxf7 35. Ng8+ 1-0

[Event "D-HS-MM Muenchen (LMU) 1-Poznanska (FH) 1"]
[Site "Augsburg"]
[Date "2010.10.07"]
[Round "2.2"]
[White "Levushkina, Elena"]
[Black "Lubczynski, Rafal"]
[Result "1-0"]
[WhiteElo "2280"]
[BlackElo "2419"]
[PlyCount "77"]
[EventDate "2010.10.06"]

1. e4 d6 2. d4 Nf6 3. Nc3 e5 4. Nf3 Nbd7 5. Bc4 Be7 6. O-O O-O 7. Re1 c6 8. a4
a5 9. h3 h6 10. Be3 Nh7 11. Ne2 Ng5 12. Nxg5 hxg5 13. Qd2 Re8 14. Ng3 g6 15.
Rad1 Kg7 16. f3 f6 17. c3 Nf8 18. Qc2 Ne6 19. dxe5 fxe5 20. Nf1 Nf4 21. Nh2 Bd7
22. Ng4 Qc8 23. Bf1 Rh8 24. Rd2 Be6 25. b3 Qg8 26. Rb1 Qf7 27. b4 axb4 28. Rxb4
b5 29. axb5 c5 30. Rb1 Ra3 31. Qc1 Rha8 32. b6 R3a5 33. Rdb2 c4 34. b7 Rb8 35.
Bb6 Ra6 36. Bc7 Qe8 37. Ra1 Rxb7 38. Rxb7 Qa8 39. Rab1 1-0

[Event "D-HS-MM Muenchen (LMU) 1-Poznanska (FH) 1"]
[Site "Augsburg"]
[Date "2010.10.07"]
[Round "2.3"]
[White "Panocki, Adrian"]
[Black "Monninger, Moritz"]
[Result "1-0"]
[WhiteElo "2354"]
[BlackElo "2036"]
[PlyCount "73"]
[EventDate "2010.10.06"]

1. Nf3 d5 2. g3 c6 3. Bg2 Nf6 4. O-O Bf5 5. d3 e6 6. Nbd2 Be7 7. b3 O-O 8. Bb2
Nbd7 9. Nh4 Ne8 10. Nxf5 exf5 11. e4 fxe4 12. dxe4 dxe4 13. Nxe4 Nef6 14. Nd6
Bxd6 15. Qxd6 Re8 16. Rad1 Qa5 17. a4 Re2 18. Qd3 Rae8 19. Bh3 R2e7 20. Ba3 c5
21. Bg2 Ne5 22. Qf5 Qc3 23. Bc1 h6 24. Bxh6 gxh6 25. Qxf6 Qxc2 26. Qxh6 Qxb3
27. Be4 Re6 28. Qh7+ Kf8 29. Bd5 Qb6 30. Bxe6 Rxe6 31. Rd5 Nf3+ 32. Kg2 Rh6 33.
Qf5 Nxh2 34. Qc8+ Kg7 35. Rg5+ Kf6 36. Qf5+ Ke7 37. Re1+ 1-0

[Event "D-HS-MM Muenchen (LMU) 1-Poznanska (FH) 1"]
[Site "Augsburg"]
[Date "2010.10.07"]
[Round "2.4"]
[White "Meier, Desiderius"]
[Black "Maciejczak, Jakub"]
[Result "0-1"]
[WhiteElo "1973"]
[BlackElo "2327"]
[PlyCount "74"]
[EventDate "2010.10.06"]

1. e4 c6 2. Nc3 d5 3. Nf3 dxe4 4. Nxe4 Nf6 5. Nxf6+ exf6 6. g3 Bd6 7. Bg2 O-O
8. O-O f5 9. d4 Nd7 10. Bg5 Qc7 11. Qd2 Nb6 12. Ne1 h6 13. Be3 Nc4 14. Qd3 Nxe3
15. fxe3 Be6 16. c4 Rad8 17. Qc3 Rfe8 18. Nd3 Bc8 19. Rae1 g6 20. b4 Bf8 21.
Nf4 Bg7 22. Qb3 Re7 23. d5 c5 24. d6 Qxd6 25. Rd1 Qb6 26. Nd5 Rxd5 27. Rxd5
cxb4 28. c5 Qa5 29. Rfd1 Be6 30. Rd8+ Kh7 31. Qd3 Qxc5 32. Ra8 Rd7 33. Qxd7
Bxd7 34. Rxd7 Qxe3+ 35. Kf1 Qc1+ 36. Ke2 Qc4+ 37. Ke1 Qe6+ 0-1